|
|
|
|
| LEADER |
00000nam0a2200000 4500 |
| 001 |
295157 |
| 005 |
20231102000759.0 |
| 020 |
|
|
|a RU
|b 84-34415
|
| 035 |
|
|
|a (RuTPU)RU\TPU\book\320233
|
| 090 |
|
|
|a 295157
|
| 100 |
|
|
|a 20150520d1984 k y0rusy5003 ca
|
| 101 |
0 |
|
|a rus
|
| 102 |
|
|
|a UA
|
| 105 |
|
|
|a a z 001zy
|
| 200 |
1 |
|
|a Расчет железобетонных стержневых систем с учетом фактора времени
|f А. Б. Голышев, В. П. Полищук, И. В. Руденко
|
| 210 |
|
|
|a Киев
|c Будiвельник
|d 1984
|
| 215 |
|
|
|a 127 с.
|c ил.
|
| 320 |
|
|
|a Библиогр.: с. 125-126
|
| 606 |
|
|
|a Стержневые системы
|2 stltpush
|3 (RuTPU)RU\TPU\subj\57008
|9 74882
|
| 610 |
1 |
|
|a железобетонные стержни
|
| 610 |
1 |
|
|a расчет
|
| 610 |
1 |
|
|a применение
|
| 675 |
|
|
|a 624.072.2
|v 3
|
| 700 |
|
1 |
|a Голышев
|b А. Б.
|g Александр Борисович
|
| 701 |
|
1 |
|a Полищук
|b В. П.
|g Виталий Петрович
|
| 701 |
|
1 |
|a Руденко
|b И. В.
|g Ирина Валентиновна
|
| 801 |
|
0 |
|a RU
|b RuMRKP
|c 19950704
|g psbo
|
| 801 |
|
1 |
|a RU
|b 63413507
|c 20150520
|
| 801 |
|
2 |
|a RU
|b 63413507
|c 20171030
|g RCR
|
| 942 |
|
|
|c BK
|